00618nam a2200169 4500001000700000003000900007005001700016007000300033008004100036100002800077245010600105260003500211300002900246852003200275999001900307952012200326119320ES-MaACL20230906191304.0t|070214s1969 sp r ||||1| spa d1 aPhillips, Derck.99169310aIluminación b: principios y planificación de la iluminación de la casa / cpor Derck Phillips. aBarcelona : bPomaire, c1969. a54 p. : bil. ; c21 cm. aES-MaACLjC-48322 bR.69177 c119320d119320 00104070aATENEOMbATENEOMcDEPO2d2008-01-17eSCl0oC-48322p1124382r2023-02-23 00:00:00w2023-02-23yMONOGRAFIA